Statistiques concernant Tous les pokémon de Kiméra

Cliquez ici pour prendre le quiz!

Statistiques générales

  • Ce quiz a été pris 20 fois
  • Le résultat moyen est 11 sur 15

Statistiques - réponses

HintRéponse% Correct
Ectoplasma
100%
Magirêve
100%
Diamant & PerleGrodrive
92%
Noctunoir
92%
PlatineSkelénox
85%
Spectrum
85%
Branette
77%
Noir2 & Blanc2Motisma
69%
Spiritomb
69%
Ténéfix
69%
Moyade
62%
Diamant étincelant
& Perle scintillante
Momartik
54%
Munja
54%
Colhomard
23%
Dracolosse
23%

Distribution des résultats

Percentile par nombre de réponses

% des personnes avec chaque résultat

Votre développement - résultats

Vous n’avez pas pris ce quiz